| Tag |
First Indicator |
Second Indicator |
Subfields |
| LEADER |
00000cam a2200000 a 4500 |
| 001 |
in00000527721 |
| 005 |
20151013085617.0 |
| 008 |
811118s1981 iluk s 00000 eng d |
| 035 |
|
|
|a (OCoLC)07936831
|
| 035 |
|
|
|9 ACF6820AM
|
| 040 |
|
|
|a IEH
|c IEH
|d TXA
|d UtOrBLW
|
| 043 |
|
|
|a n-us---
|
| 049 |
|
|
|a TXAM
|c [1615679]
|
| 090 |
|
|
|a Z675.U5
|b A738 1981
|
| 092 |
|
|
|a 378.120973
|b A849
|
| 245 |
0 |
0 |
|a Association of College and Research Libraries academic status survey.
|
| 264 |
|
1 |
|a Chicago, Illinois :
|b The Association,
|c 1981.
|
| 300 |
|
|
|a iv, 340 pages :
|b forms ;
|c 28 cm.
|
| 336 |
|
|
|a text
|b txt
|2 rdacontent
|
| 337 |
|
|
|a unmediated
|b n
|2 rdamedia
|
| 338 |
|
|
|a volume
|b nc
|2 rdacarrier
|
| 650 |
|
0 |
|a Academic librarians
|z United States
|x Faculty status.
|
| 650 |
|
0 |
|a Library surveys.
|
| 710 |
2 |
|
|a Association of College and Research Libraries.
|
| 999 |
|
|
|a MARS
|
| 999 |
f |
f |
|s 1649bc59-ecad-3809-8df2-11268153929c
|i 019bcd9a-7483-38a8-abc4-ed94cba50d65
|t 0
|
| 952 |
f |
f |
|p ric
|a Texas A&M University
|b Rellis Campus
|c Joint Library Facility
|d Remote Storage
|t 0
|e Z675.U5 A738 1981
|h Library of Congress classification
|i unmediated -- volume
|m A14808007760
|
| 998 |
f |
f |
|a Z675.U5 A738 1981
|t 0
|l Remote Storage
|